Nouveau Roman : hier, aujourd´hui

Gorde:
Xehetasun bibliografikoak
Egile nagusia: Butor, Michel (et. al.)
Formatua: Liburua
Hizkuntza:Undetermined
Argitaratua: París, Francia Union Gérérale d´editions 1972
Gaiak:
Etiketak: Etiketa erantsi
Etiketarik gabe, Izan zaitez lehena erregistro honi etiketa jartzen!

MARC

LEADER 00000nam a2200000Ia 4500
008 170316s9999 xx 000 0 und d
090 |a 801 B-39n 
100 |a Butor, Michel (et. al.) 
245 |a Nouveau Roman : hier, aujourd´hui 
260 |a París, Francia 
260 |b Union Gérérale d´editions 
260 |c 1972 
300 |a 444 páginas N°1, problemes generaux. 
650 |a TEORÍA LITERARIA 
650 |a LITERATURA FRANCESA 
650 |a NOVELA 
650 |a TEORÍAS 
650 |a CRÍTICO 
999 |c 20109  |d 20109 
040 |a cru BVZT 
942 |c 15 D  |h 801 B-39n  |2 z